Obchodní podmínky v mezinárodním obchodním styku

Salvato in:
Dettagli Bibliografici
Autore principale: Dobiáš, Petr
Altri autori: Malacka, Michal
Natura: Libro
Lingua:ceco
Pubblicazione: Praha Leges 2019
Edizione:1. vydání
Serie:Praktik
Soggetti:
Tags: Aggiungi Tag
Nessun Tag, puoi essere il primo ad aggiungerne!!

MARC

LEADER 00000nam a2200000 4500
001 0259976
005 20240221113041.2
020 |a 978-80-7502-296-7 
041 0 |a cze 
044 |a CZ 
245 1 0 |a Obchodní podmínky v mezinárodním obchodním styku  |c Petr Dobiáš, Michal Malacka 
250 |a 1. vydání 
264 1 |a Praha  |b Leges  |c 2019 
300 |a 405 s. 
490 1 |a Praktik 
830 0 |a Praktik 
610 2 0 |a obchod medzinárodný 
610 2 0 |a styk zahraničnoobchodný 
610 2 0 |a podmienky obchodné 
610 2 0 |a zmluvy medzinárodné 
610 2 0 |a právo medzinárodné 
100 1 |a Dobiáš, Petr 
700 1 |a Malacka, Michal